Η κοινωνία του θεάματος

Αποθηκεύτηκε σε:
Λεπτομέρειες βιβλιογραφικής εγγραφής
Κύριος συγγραφέας: Debord, Guy, 1931-1994
Μορφή: Βιβλίο
Γλώσσα:Greek
French
Δημοσίευση: [Χ. τ.] : Διεθνής Βιβλιοθήκη, [μεταξύ 1980 και 1990]
Θέματα:
Ετικέτες: Προσθήκη ετικέτας
Δεν υπάρχουν, Καταχωρήστε ετικέτα πρώτοι!

MARC

LEADER 00000cam a2200000 i 4500
001 1/12275
008 110304q19801990gr | ||| |||| ||gre||
035 |l 10109723 
040 |a GR-MyUa  |b gre  |e AACR2 
041 1 |a gre  |h fre 
082 7 |a 302   |2 (22) 
100 1 |a Debord, Guy,   |d 1931-1994. 
245 1 2 |a Η κοινωνία του θεάματος /   |c Γκυ Ντεμπόρ ; μετάφραση Μαρία Ζάκκα.  
260 |a [Χ. τ.] :   |b Διεθνής Βιβλιοθήκη,   |c [μεταξύ 1980 και 1990] 
300 |a 165 σ. ;   |c 20 εκ.  
650 0 |a Social psychology. 
650 0 |a Proletariat. 
650 0 |a Social classes. 
765 0 8 |i Μετάφραση του:   |t The society of the spectacle /  
852 |a INST  |b SYROS  |e 20110304  |h 302 DEB  |p 005500009306  |q 005500009306  |t BK  |y 0 
901 |a BIBL5-2011-1 
970 |a Κοντού  |b Παρασκευή  |z 04/03/2011